000 01320nam a2200361 c 4500
999 _c53798
_d53798
003 BLK
005 20230727160853.0
008 180408b bul|||||r ||||||| ||bul||
010 _aKNG00057739000
020 _a954-24-0054-3
040 _aBLK
041 _aBUL
_cBUL
080 _aФизикохимия
_b544
_x(075.8)
_z544(075.8)
100 1 _aРаев, Никола Димитров
_eпърви автор
_9285189
139 _aРаев, Никола Димитров
_bР 18
245 1 0 _aФизикохимия
_bТ. 1 -
_cНикола Димитров Раев.
_nТ. 1
257 _aBGR
260 _c2004 -
_fПловдив : Нова Тимкомпакт
300 _c21 см
380 _a5
500 _aОфс. изд.
650 4 _aФизикохимия - учебници за ВУЗ
_9243246
653 _aфизикохимия
653 _aучебници за ВУЗ
760 1 _aРаев, Никола Димитров
_dАкад. изд. на Унив. по хран. технологии, 2004
_h381 с. : с ил.
_tТ. 1
852 _aЦб 226179
856 4 _qpdf
856 4 _qpdf
942 _cKNG
_n0
_02
_s1
944 _aCR
_c20.01.2006
_lМинев Младен
_k30530
944 _aED
_c19.04.2016
_lф /
_kЛюдмила_Стоянова
999 _d53798